The dawn of a new era, 1250-1453 / (Record no. 27902)
[ view plain ]
| 000 -LEADER | |
|---|---|
| fixed length control field | 00854nam a2200265 a 4500 |
| 001 - CONTROL NUMBER | |
| control field | 27902 |
| 003 - CONTROL NUMBER IDENTIFIER | |
| rucl marc code | BD-RjUL |
| 005 - DATE AND TIME OF LATEST TRANSACTION | |
| control field | 20211209051220.0 |
| 008 - FIXED-LENGTH DATA ELEMENTS--GENERAL INFORMATION | |
| fixed length control field | 140327s1936 nyuabcf b 001 0 eng d |
| 035 ## - SYSTEM CONTROL NUMBER | |
| System control number | (BD-RjUL)27982 |
| 040 ## - CATALOGING SOURCE | |
| Original cataloging agency | DLC |
| Transcribing agency | DLC |
| Modifying agency | BD-RjUL |
| Language of cataloging | eng |
| 041 ## - LANGUAGE CODE | |
| Language code of text/sound track or separate title | eng |
| 082 00 - DEWEY DECIMAL CLASSIFICATION NUMBER | |
| Classification number | 940.18 |
| Author mark and year | CHD 1936 |
| 100 1# - MAIN ENTRY--PERSONAL NAME | |
| Personal name | Cheyney, Edward Potts, |
| Dates associated with a name | 1861-1947. |
| 9 (RLIN) | 85576 |
| 245 14 - TITLE STATEMENT | |
| Title | The dawn of a new era, 1250-1453 / |
| Statement of responsibility, etc. | by Edward P. Cheyney. |
| 260 ## - PUBLICATION, DISTRIBUTION, ETC. (IMPRINT) | |
| Place of publication, distribution, etc. | New York ; |
| -- | London : |
| Name of publisher, distributor, etc. | Harper & Brothers, |
| Date of publication, distribution, etc. | c1936. |
| 300 ## - PHYSICAL DESCRIPTION | |
| Pagination | xi, 389 p., [32] p. plates : |
| Illustrations | ill. ; |
| Size | 22 cm. |
| 490 1# - SERIES STATEMENT | |
| Series statement | Rise of modern Europe |
| 500 ## - GENERAL NOTE | |
| General note | Maps on lining-papers. |
| 504 ## - BIBLIOGRAPHY, ETC. NOTE | |
| Bibliography, etc | "Bibliographical notes": p. [341]-378. Includes index. |
| 651 #0 - SUBJECT ADDED ENTRY--GEOGRAPHIC NAME | |
| Geographic name | Europe |
| General subdivision | History |
| Chronological subdivision | 476-1492. |
| 9 (RLIN) | 74533 |
| 830 #0 - SERIES ADDED ENTRY--UNIFORM TITLE | |
| Uniform title | Rise of modern Europe |
| 942 ## - ADDED ENTRY ELEMENTS (KOHA) | |
| Source of classification or shelving scheme | Dewey Decimal Classification |
| Koha item type | Books |
| Lost status | Source of classification or shelving scheme | Damaged status | Not for loan | Collection code | Permanent Location | Current Location | Shelving location | Date acquired | Source of acquisition | Total Checkouts | Full call number | Date last seen | Copy number | Koha item type | Cost, normal purchase price |
|---|---|---|---|---|---|---|---|---|---|---|---|---|---|---|---|
| Dewey Decimal Classification | Non-fiction | Central Library, University of Rajshahi | Central Library, University of Rajshahi | 22/08/1956 | Asia Foundation | 940.18 CHD 1936 | 27/03/2014 | C-2 | Books | ||||||
| Dewey Decimal Classification | Added to bundle | Non-fiction | Central Library, University of Rajshahi | Central Library, University of Rajshahi | Reading Room | 24/08/1955 | B. H. B. | 940.18 CHD 1936 | 27/03/2014 | C-1 | Books | 2.00 | |||
| Dewey Decimal Classification | Non-fiction | Central Library, University of Rajshahi | Central Library, University of Rajshahi | 26/02/1964 | Zeitlinger | 940.18 CHD 1962 | 04/02/2017 | C-3 | Books | 18.06 |